Statistics for Blackhawks Quiz

Click here to take the quiz!

General Stats

  • This quiz has been taken 68 times
  • The average score is 5 of 7

Answer Stats

PositionPlayers Names% Correct
Left WingPatrick Kane
100%
CenterJonathan Toews
97%
GoalieCorey Crawford
92%
DefenseDuncan Keith
92%
Right WingPatrick Sharp
63%
Head CoachJoel Quenneville
42%
DefenseJohnny Oduya
25%

Score Distribution

Percentile by Number Answered

Percent of People with Each Score

Your Score History

You have not taken this quiz